<?xml version="1.0" encoding="UTF-8"?>
<record
    xmlns:xsi="http://www.w3.org/2001/XMLSchema-instance"
    xsi:schemaLocation="http://www.loc.gov/MARC21/slim http://www.loc.gov/standards/marcxml/schema/MARC21slim.xsd"
    xmlns="http://www.loc.gov/MARC21/slim">

  <leader>00471nam a22001217a 4500</leader>
  <controlfield tag="008">230609b        |||||||| |||| 00| 0 eng d</controlfield>
  <datafield tag="040" ind1=" " ind2=" ">
    <subfield code="a">National Science Library</subfield>
    <subfield code="c">National Science Library</subfield>
  </datafield>
  <datafield tag="080" ind1=" " ind2=" ">
    <subfield code="a">621.039.577(082.2)</subfield>
    <subfield code="b">M8</subfield>
  </datafield>
  <datafield tag="245" ind1=" " ind2=" ">
    <subfield code="a">National workshop on nuclear power plants with specific reference to kaiga 10 &amp; 11 December, 1988: </subfield>
    <subfield code="b">Report and Papers</subfield>
  </datafield>
  <datafield tag="260" ind1=" " ind2=" ">
    <subfield code="a">Bangalore: </subfield>
    <subfield code="b">Department of Science and Technology, </subfield>
    <subfield code="c">1988</subfield>
  </datafield>
  <datafield tag="650" ind1=" " ind2=" ">
    <subfield code="a">Report</subfield>
  </datafield>
  <datafield tag="942" ind1=" " ind2=" ">
    <subfield code="2">udc</subfield>
    <subfield code="c">REP</subfield>
  </datafield>
  <datafield tag="999" ind1=" " ind2=" ">
    <subfield code="c">41809</subfield>
    <subfield code="d">41809</subfield>
  </datafield>
  <datafield tag="952" ind1=" " ind2=" ">
    <subfield code="0">0</subfield>
    <subfield code="1">0</subfield>
    <subfield code="2">udc</subfield>
    <subfield code="4">0</subfield>
    <subfield code="6">6210395770822_M8</subfield>
    <subfield code="7">0</subfield>
    <subfield code="9">62366</subfield>
    <subfield code="a">NSL</subfield>
    <subfield code="b">NSL</subfield>
    <subfield code="c">GF/Rk-12/C-18/R-4</subfield>
    <subfield code="d">1991-02-19</subfield>
    <subfield code="l">0</subfield>
    <subfield code="o">621.039.577(082.2) M8</subfield>
    <subfield code="p">171609</subfield>
    <subfield code="r">2023-06-09 00:00:00</subfield>
    <subfield code="w">1991-02-19</subfield>
    <subfield code="y">REP</subfield>
  </datafield>
</record>
